Principles of genetics.-- 7th ed. (Record no. 32502)

MARC details
000 -LEADER
fixed length control field 00586nam a2200169 a 4500
008 - FIXED-LENGTH DATA ELEMENTS--GENERAL INFORMATION
fixed length control field 111025s2002 ||||||||||||||||| || u
020 ## - INTERNATIONAL STANDARD BOOK NUMBER
International Standard Book Number 0072334193
050 ## - LIBRARY OF CONGRESS CALL NUMBER
Classification number QH 430 Tam
100 ## - MAIN ENTRY--PERSONAL NAME
Personal name Tamarin, Robert H
245 10 - TITLE STATEMENT
Title Principles of genetics.-- 7th ed.
250 ## - EDITION STATEMENT
Edition statement 7th ed.
260 ## - PUBLICATION, DISTRIBUTION, ETC.
Place of publication, distribution, etc. Boston
Name of publisher, distributor, etc. McGraw-Hill
Date of publication, distribution, etc. 2002
300 ## - PHYSICAL DESCRIPTION
Extent xvi, 609p.: ill.
350 ## -
-- 0.00
650 #0 - SUBJECT ADDED ENTRY--TOPICAL TERM
Topical term or geographic name entry element GENETICS
995 ## -
-- MEDICAL LIBRARY OPEN ACCESS
-- 0.00
-- 900219
-- CBU-SCHOOL OF MEDICINE LIBRARY (Ndola)
-- 1
-- 0.00
-- QH 430 Tam
-- 1
-- AVAILABLE
-- Oct 25, 2011
-- 900219
-- Medical Library Open Access Collection
999 ## -
-- 32502
-- 32502
Holdings
Withdrawn status Lost status Source of classification or shelving scheme Damaged status Not for loan Permanent Location Current Location Shelving location Date acquired Total Checkouts Full call number Barcode Date last seen Price effective from Koha item type
          CBU-SCHOOL OF MEDICINE LIBRARY, NDOLA. CBU-SCHOOL OF MEDICINE LIBRARY, NDOLA.   11/30/2022   QH 430 Tam 900219 11/30/2022 11/30/2022 MONOGRAPH